[Event "SRB-chT Cup"]
[Site "Kragujevac"]
[Date "2017.04.30"]
[Round "3.4"]
[White "Djordjevic, Dejan N"]
[Black "Mimovic, Predrag"]
[Result "1-0"]
[WhiteElo "2186"]
[BlackElo "1981"]
[PlyCount "74"]
[EventDate "2017.04.29"]
[EventType "team-swiss"]
[EventRounds "6"]
[EventCountry "SRB"]
[SourceTitle "EXT 2018"]
[Source "ChessBase"]
[SourceDate "2017.10.13"]
[SourceVersion "1"]
[SourceVersionDate "2017.10.13"]
[SourceQuality "1"]
[WhiteTeam "Nis Nais"]
[BlackTeam "Cumic Prota"]
[WhiteTeamCountry "SRB"]
[BlackTeamCountry "SRB"]

1. e4 e5 2. Nf3 Nc6 3. Bc4 Be7 4. c3 Nf6 5. Qe2 0-0 6. Bb3 d6 7. h3 h6 8. d3 Re8 9. 0-0 Bf8 10. Re1 a6 11. Nbd2 Na5 12. Bc2 c5 13. Nf1 Nc6 14. Ng3 g6 15. Nh2 Bg7 16. Be3 Qe7 17. Qd2 Kh7 18. f4 Bd7 19. Qf2 b6 20. Nf3 Rac8 21. Rad1 Rc7 22. a3 Rec8 23. Rf1 Nd4 24. Bb1 Nxf3+ 25. Qxf3 Ba4 26. Rd2 Bb3 27. Ne2 b5 28. Bf2 Nh5 29. f5 Nf6 30. Nc1 c4 31. g4 Qd7 32. d4 gxf5 33. dxe5 fxg4 34. Qe2 Ne8 35. exd6 Rc6 36. e5+ Kg8 37. hxg4 Nxd6 1-0

[Event "Kragujevac-ch"]
[Site "Kragujevac"]
[Date "2012.03.05"]
[Round "11"]
[White "Radovanovic, Nikola"]
[Black "Mimovic, Predrag"]
[Result "1-0"]
[WhiteElo "2092"]
[BlackElo "2025"]
[PlyCount "38"]
[EventDate "2012.02.20"]
[EventType "tourn"]
[EventRounds "11"]
[EventCountry "SRB"]
[SourceTitle "EXT 2019"]
[Source "ChessBase"]
[SourceDate "2018.10.10"]
[SourceVersion "1"]
[SourceVersionDate "2018.10.10"]
[SourceQuality "1"]

1. e4 e5 2. Nf3 Nc6 3. d4 exd4 4. Bc4 Nf6 5. 0-0 Be7 6. Re1 d6 7. Nxd4 0-0 8. Nc3 Ng4 9. Nd5 Bh4 10. g3 Nge5 11. Be2 Bf6 12. Nxc6 Nxc6 13. Nxf6+ Qxf6 14. f4 Qd4+ 15. Qxd4 Nxd4 16. Bd1 Re8 17. c3 Nc6 18. Bc2 f5 19. Bd2 fxe4 1-0

[Event "Kragujevac-ch"]
[Site "Kragujevac"]
[Date "2012.02.24"]
[Round "5"]
[White "Pavlovic, Goran"]
[Black "Mimovic, Predrag"]
[Result "1-0"]
[WhiteElo "2395"]
[BlackElo "2025"]
[PlyCount "79"]
[EventDate "2012.02.20"]
[EventType "tourn"]
[EventRounds "11"]
[EventCountry "SRB"]
[SourceTitle "EXT 2019"]
[Source "ChessBase"]
[SourceDate "2018.10.10"]
[SourceVersion "1"]
[SourceVersionDate "2018.10.10"]
[SourceQuality "1"]

1. d4 Nf6 2. c4 g6 3. Nc3 Bg7 4. e4 d6 5. f3 c6 6. Be3 Nbd7 7. Qd2 a6 8. Nh3 h5 9. Nf2 Qc7 10. Be2 Rb8 11. Rc1 Qa5 12. Nd3 c5 13. dxc5 Nxc5 14. 0-0 Nxd3 15. Bxd3 Be6 16. Rfd1 Rc8 17. b3 Nd7 18. Nd5 Qxd2 19. Rxd2 Bxd5 20. exd5 0-0 21. Rdc2 Nc5 22. Bf1 a5 23. Rb1 Ra8 24. g3 Bf6 25. Kf2 Kg7 26. a3 h4 27. b4 hxg3+ 28. hxg3 axb4 29. axb4 Nd7 30. c5 Rfc8 31. Bh3 Rc7 32. Bxd7 Rxd7 33. c6 bxc6 34. dxc6 Rdd8 35. b5 Rh8 36. Kg2 d5 37. b6 d4 38. b7 dxe3 39. bxa8Q Rxa8 40. c7 1-0